The science of communicating science : (Record no. 33163)
[ view plain ]
| 000 -LEADER | |
|---|---|
| fixed length control field | 02173cam a22004457i 4500 |
| 001 - CONTROL NUMBER | |
| control field | 21417310 |
| 003 - CONTROL NUMBER IDENTIFIER | |
| control field | JO-AjAnu |
| 005 - DATE AND TIME OF LATEST TRANSACTION | |
| control field | 20231127111659.0 |
| 008 - FIXED-LENGTH DATA ELEMENTS--GENERAL INFORMATION | |
| fixed length control field | 200204t20192019vraa b 001 0 eng d |
| 010 ## - LIBRARY OF CONGRESS CONTROL NUMBER | |
| LC control number | 2019394763 |
| 020 ## - INTERNATIONAL STANDARD BOOK NUMBER | |
| International Standard Book Number | 9781486309818 |
| Qualifying information | (paperback) |
| 020 ## - INTERNATIONAL STANDARD BOOK NUMBER | |
| International Standard Book Number | 1789245141 |
| Qualifying information | paperback |
| 020 ## - INTERNATIONAL STANDARD BOOK NUMBER | |
| Canceled/invalid ISBN | 9781486309825 |
| Qualifying information | (epdf) |
| 020 ## - INTERNATIONAL STANDARD BOOK NUMBER | |
| Canceled/invalid ISBN | 9781486309832 |
| Qualifying information | (epub) |
| 035 ## - SYSTEM CONTROL NUMBER | |
| System control number | (OCoLC)on1124639169 |
| 040 ## - CATALOGING SOURCE | |
| Original cataloging agency | YDX |
| Language of cataloging | eng |
| Transcribing agency | YDX |
| Description conventions | rda |
| Modifying agency | CDX |
| -- | YDXIT |
| -- | AU@ |
| -- | BDX |
| -- | OCLCF |
| -- | YDX |
| -- | NZAUC |
| -- | DLC |
| -- | JO-AjAnu |
| 042 ## - AUTHENTICATION CODE | |
| Authentication code | lccopycat |
| 050 00 - LIBRARY OF CONGRESS CALL NUMBER | |
| Classification number | Q223 |
| Item number | .C675 2019 |
| 082 04 - DEWEY DECIMAL CLASSIFICATION NUMBER | |
| Classification number | 501/.4 |
| Edition number | 23 |
| 100 1# - MAIN ENTRY--PERSONAL NAME | |
| Personal name | Cormick, Craig, |
| Dates associated with a name | 1961- |
| Relator term | author. |
| 245 14 - TITLE STATEMENT | |
| Title | The science of communicating science : |
| Remainder of title | the ultimate guide / |
| Statement of responsibility, etc. | Dr Craig Cormick. |
| 246 30 - VARYING FORM OF TITLE | |
| Title proper/short title | Communicating science |
| 264 #1 - PRODUCTION, PUBLICATION, DISTRIBUTION, MANUFACTURE, AND COPYRIGHT NOTICE | |
| Place of production, publication, distribution, manufacture | Clayton South, VIC, Australia : |
| Name of producer, publisher, distributor, manufacturer | CSIRO Publishing, |
| Date of production, publication, distribution, manufacture, or copyright notice | [2019] |
| 264 #4 - PRODUCTION, PUBLICATION, DISTRIBUTION, MANUFACTURE, AND COPYRIGHT NOTICE | |
| Date of production, publication, distribution, manufacture, or copyright notice | ©2019 |
| 300 ## - PHYSICAL DESCRIPTION | |
| Extent | vi, 249 pages : |
| Other physical details | illustrations ; |
| Dimensions | 25 cm |
| 336 ## - CONTENT TYPE | |
| Content type term | text |
| Content type code | txt |
| Source | rdacontent |
| 336 ## - CONTENT TYPE | |
| Content type term | still image |
| Content type code | sti |
| Source | rdacontent |
| 337 ## - MEDIA TYPE | |
| Media type term | unmediated |
| Media type code | n |
| Source | rdamedia |
| 338 ## - CARRIER TYPE | |
| Carrier type term | volume |
| Carrier type code | nc |
| Source | rdacarrier |
| 504 ## - BIBLIOGRAPHY, ETC. NOTE | |
| Bibliography, etc. note | Includes bibliographical references and index. |
| 520 ## - SUMMARY, ETC. | |
| Summary, etc. | Are you wishing you knew all you need to know about how to better communicate science, without having to read several hundred academic papers and blogs and books? Luckily Dr Craig Cormick has done this for you! This highly readable and entertaining book captures the breadth of research into best practice science communications and has distilled it into accessible chapters that take you through both the how and the why of science communication, supported with case studies and examples. -- |
| Assigning source | Source other than Library of Congress. |
| 650 #0 - SUBJECT ADDED ENTRY--TOPICAL TERM | |
| Topical term or geographic name entry element | Communication in science. |
| 650 #7 - SUBJECT ADDED ENTRY--TOPICAL TERM | |
| Topical term or geographic name entry element | Communication in science. |
| Source of heading or term | fast |
| Authority record control number or standard number | (OCoLC)fst00870268 |
| 650 #7 - SUBJECT ADDED ENTRY--TOPICAL TERM | |
| Topical term or geographic name entry element | Reference, Information, Interdisciplinary subjects. |
| Source of heading or term | thema |
| 650 #7 - SUBJECT ADDED ENTRY--TOPICAL TERM | |
| Topical term or geographic name entry element | Mathematics & Science. |
| Source of heading or term | thema |
| 655 #7 - INDEX TERM--GENRE/FORM | |
| Genre/form data or focus term | Handbooks and manuals. |
| Source of term | fast |
| Authority record control number or standard number | (OCoLC)fst01423877 |
| 906 ## - LOCAL DATA ELEMENT F, LDF (RLIN) | |
| a | 7 |
| b | cbc |
| c | copycat |
| d | 3 |
| e | ncip |
| f | 20 |
| g | y-gencatlg |
| 942 ## - ADDED ENTRY ELEMENTS (KOHA) | |
| Source of classification or shelving scheme | Library of Congress Classification |
| Koha item type | Books |
| Suppress in OPAC | No |
| Withdrawn status | Lost status | Source of classification or shelving scheme | Damaged status | Not for loan | Home library | Current library | Date acquired | Total Checkouts | Full call number | Barcode | Date last seen | Price effective from | Koha item type |
|---|---|---|---|---|---|---|---|---|---|---|---|---|---|
| Library of Congress Classification | مكتبة جامعة عجلون الوطنية | مكتبة جامعة عجلون الوطنية | 27/11/2023 | Q223.C675 2019 | e3664 | 27/11/2023 | 27/11/2023 | Books | |||||
| Library of Congress Classification | مكتبة جامعة عجلون الوطنية | مكتبة جامعة عجلون الوطنية | 27/11/2023 | Q223.C675 2019 | e3663 | 27/11/2023 | 27/11/2023 | Books |